Diez años de controversia parlamentaria ; (Record no. 180149)

MARC details
000 -LEADER
campo de control de longitud fija 01023nam a2200253 i 4500
001 - NÚMERO DE CONTROL
campo de control 180149
003 - IDENTIFICADOR DE NÚMERO DE CONTROL
campo de control ES-MaACL
005 - FECHA Y HORA DE LA ÚLTIMA TRANSACCIÓN
campo de control 20240228152708.0
008 - DATOS DE LONGITUD FIJA--INFORMACIÓN GENERAL
campo de control de longitud fija 120425s1868 sp | |||||||| | spa d
080 ## - NÚMERO DE LA CLASIFICACIÓN DECIMAL UNIVERSAL
Número de la Clasificación Decimal Universal 94(460)"1843/68"
100 1# - ENTRADA PRINCIPAL--NOMBRE DE PERSONA
Nombre de persona Díaz, Nicomedes Pastor,
Fechas asociadas al nombre 1811-1863
9 (RLIN) 44150
245 10 - MENCIÓN DEL TÍTULO
Título Diez años de controversia parlamentaria ;
Resto del título Discursos parlamentarios /
Mención de responsabilidad, etc. [Nicomedes-Pastor Díaz ; prólogo de Juan Valera].
246 3# - FORMA VARIANTE DEL TITULO
Título propio/Titulo breve Discursos parlamentarios
260 ## - PUBLICACIÓN, DISTRIBUCIÓN, ETC.
Lugar de publicación, distribución, etc. [Madrid :
Nombre del editor, distribuidor, etc. s.n.],
Fecha de publicación, distribución, etc. 1868 (
Fabricante Imp. de Manuel Tello)
300 ## - DESCRIPCIÓN FÍSICA
Extensión XXI, 372, II p. ;
Dimensiones 19 cm.
490 1# - MENCIÓN DE SERIE
Mención de serie Obras de don Nicomedes-Pastor Díaz ;
Designación de volumen o secuencia 6
530 ## - NOTA DISPONIBLE DE FORMULARIO FÍSICO ADICIONAL
Nota de formato físico adicional disponible Disponible en formato digital.
651 #4 - PUNTO DE ACCESO ADICIONAL DE MATERIA--NOMBRE GEOGRÁFICO
Nombre geográfico España-
Subdivisión general Historia-
Subdivisión geográfica 1843-1868, Isabel II
9 (RLIN) 8256
700 1# - ENTRADA AGREGADA--NOMBRE PERSONAL
Nombre de persona Valera, Juan,
Fechas asociadas al nombre 1824-1905
9 (RLIN) 112638
830 1# - PUNTO DE ACCESO ADICIONAL DE SERIE-TÍTULO UNIFORME
Título uniforme Obras de don Nicomedes-Pastor Díaz ;
Designación de volumen o secuencia 6
9 (RLIN) 191194
852 ## - LOCALIZACIÓN
Ubicación ES-MaACL
Número de control de estantería F-10796
856 ## - LOCALIZACIÓN Y ACCESO ELECTRÓNICOS
Identificador Uniforme de Recursos <a href="http://bdh-rd.bne.es/viewer.vm?id=0000161967&page=1 ">http://bdh-rd.bne.es/viewer.vm?id=0000161967&page=1 </a>
Nota pública Biblioteca Digital Hispánica
Holdings
Estatus retirado Estado de pérdida Estado de daño No para préstamo Colección Biblioteca de origen Biblioteca actual Ubicación en estantería Fecha de adquisición Fuente de adquisición Total de préstamos Signatura topográfica completa Código de barras Visto por última vez Precio de reemplazo Tipo de ítem Koha
        Colección digital Biblioteca del Ateneo de Madrid Biblioteca del Ateneo de Madrid Sala Pecera Planta 2 25/04/2012     F-10796 1189286 23/02/2023 23/02/2023 Libro impreso antiguo